[Event "Remote email"]
[Site "Remote email"]
[Date "2014.06.28"]
[Round "?"]
[White "Kinte, Kunta"]
[Black "Fricke, Dirk"]
[Result "1-0"]
[WhiteElo "2071"]
[BlackElo "1807"]
[PlyCount "37"]
[EventDate "2014.??.??"]
[EventType "tourn (corr)"]
[EventRounds "6"]
[EventCountry "GER"]
[SourceTitle "Corr 2015"]
[Source "ChessBase"]
[SourceDate "2015.07.17"]
[SourceVersion "1"]
[SourceVersionDate "2015.07.17"]
[SourceQuality "1"]

1. d4 d5 2. c4 dxc4 3. e4 c5 4. d5 b5 5. a4 Ba6 6. axb5 Bxb5 7. Nc3 Bd7 8. Bxc4 e6 9. Nf3 exd5 10. Bxd5 Bc6 11. 0-0 Bxd5 12. exd5 Nf6 13. Bg5 h6 14. Re1+ Be7 15. Bxf6 gxf6 16. d6 Rg8 17. Rxe7+ Kf8 18. Qd5 Na6 19. Qxf7# 1-0

[Event "Remote email"]
[Site "Remote email"]
[Date "2014.06.11"]
[Round "?"]
[White "Maier, Ralf"]
[Black "Kinte, Kunta"]
[Result "1/2-1/2"]
[WhiteElo "1958"]
[BlackElo "2071"]
[PlyCount "75"]
[EventDate "2014.??.??"]
[EventType "tourn (corr)"]
[EventRounds "6"]
[EventCountry "GER"]
[SourceTitle "Corr 2015"]
[Source "ChessBase"]
[SourceDate "2015.07.17"]
[SourceVersion "1"]
[SourceVersionDate "2015.07.17"]
[SourceQuality "1"]

1. Nf3 d5 2. d4 Nf6 3. c4 c6 4. e3 g6 5. Nc3 Bg7 6. cxd5 cxd5 7. Bb5+ Nc6 8. Ne5 Bd7 9. Nxd7 Qxd7 10. 0-0 0-0 11. Re1 Ne8 12. b3 Nc7 13. Bd3 Nb4 14. Bb1 Nb5 15. Nxb5 Qxb5 16. a3 Nc6 17. Bd3 Qb6 18. Bd2 e5 19. dxe5 Nxe5 20. Bb4 Nxd3 21. Qxd3 Bxa1 22. Bxf8 Rxf8 23. Rxa1 Qc6 24. Rd1 Rd8 25. a4 a6 26. Qd4 Qc2 27. Rd3 Qb1+ 28. Rd1 Qxb3 29. e4 b5 30. axb5 axb5 31. exd5 Rd6 32. g3 Qa4 33. Qd3 b4 34. Rb1 Qa8 35. Rxb4 Rxd5 36. Rb8+ Qxb8 37. Qxd5 Qb2 38. Kg2 1/2-1/2

[Event "Remote email"]
[Site "Remote email"]
[Date "2014.03.22"]
[Round "?"]
[White "Kinte, Kunta"]
[Black "Maier, Ralf"]
[Result "1-0"]
[WhiteElo "2070"]
[BlackElo "1919"]
[PlyCount "41"]
[EventDate "2014.??.??"]
[EventType "tourn (corr)"]
[EventRounds "6"]
[EventCountry "GER"]
[SourceTitle "Corr 2015"]
[Source "ChessBase"]
[SourceDate "2015.07.17"]
[SourceVersion "1"]
[SourceVersionDate "2015.07.17"]
[SourceQuality "1"]

1. d4 Nf6 2. c4 e6 3. g3 d5 4. Bg2 Bb4+ 5. Bd2 Be7 6. Nf3 0-0 7. 0-0 c6 8. Qc2 b6 9. Rd1 Ba6 10. b3 Nbd7 11. a4 Ne4 12. Be1 Rc8 13. Nbd2 c5 14. Nxe4 dxe4 15. Qxe4 Nf6 16. Qc2 cxd4 17. Rxd4 Qc7 18. Bc3 Rfd8 19. Rad1 h6 20. R4d3 Ne4 21. Rxd8+ 1-0

[Event "Remote email"]
[Site "Remote email"]
[Date "2014.02.27"]
[Round "?"]
[White "Kinte, Kunta"]
[Black "Klein, Werner"]
[Result "1-0"]
[WhiteElo "2075"]
[BlackElo "1671"]
[PlyCount "99"]
[EventDate "2014.??.??"]
[EventType "tourn (corr)"]
[EventRounds "6"]
[EventCountry "GER"]
[SourceTitle "Corr 2015"]
[Source "ChessBase"]
[SourceDate "2015.07.17"]
[SourceVersion "1"]
[SourceVersionDate "2015.07.17"]
[SourceQuality "1"]

1. d4 Nf6 2. c4 g6 3. Nc3 Bg7 4. e4 d6 5. Nf3 0-0 6. Be2 Re8 7. 0-0 b6 8. e5 dxe5 9. dxe5 Ng4 10. Bf4 Bf5 11. Qc1 Nc6 12. Rd1 Qb8 13. Bd3 Bxd3 14. Rxd3 Nb4 15. Rd1 f6 16. e6 Rd8 17. Re1 Nd3 18. Qd2 Nxe1 19. Qxe1 Qb7 20. h3 Nh6 21. Qe2 Nf5 22. g4 Nd4 23. Nxd4 Rxd4 24. Be3 Rdd8 25. f4 f5 26. Bd2 Rd6 27. gxf5 gxf5 28. Nb5 Rdd8 29. Bc3 Qe4 30. Qxe4 fxe4 31. Bxg7 Kxg7 32. Nxc7 Rac8 33. Nd5 Rxc4 34. Ne3 Rc6 35. f5 Kf6 36. Kf2 Rd2+ 37. Kg3 Rxb2 38. Kf4 a5 39. Nd5+ Kg7 40. Nxe7 Rc4 41. Nd5 Rf2+ 42. Ke5 Rc5 43. Rg1+ Kf8 44. e7+ Kf7 45. Rg7+ Kxg7 46. e8Q Rd2 47. Qe7+ Kh6 48. Qh4+ Kg7 49. Qg5+ Kf7 50. Qxd2 1-0

[Event "Remote email"]
[Site "Remote email"]
[Date "2013.11.12"]
[Round "?"]
[White "Walter, Mario E"]
[Black "Kinte, Kunta"]
[Result "0-1"]
[WhiteElo "2040"]
[BlackElo "2070"]
[PlyCount "126"]
[EventDate "2013.??.??"]
[EventType "tourn (corr)"]
[EventRounds "6"]
[EventCountry "GER"]
[SourceTitle "Corr 2015"]
[Source "ChessBase"]
[SourceDate "2015.07.17"]
[SourceVersion "1"]
[SourceVersionDate "2015.07.17"]
[SourceQuality "1"]

1. d4 f5 2. Bg5 h6 3. Bh4 g5 4. Bg3 Nf6 5. e3 d6 6. d5 h5 7. h4 g4 8. c4 Ne4 9. Ne2 Bg7 10. Qc2 c5 11. Nbc3 Qa5 12. Bf4 Bd7 13. f3 Nxc3 14. Nxc3 a6 15. Bd3 Rf8 16. 0-0 Bxc3 17. Qxc3 Qxc3 18. bxc3 Kd8 19. fxg4 fxg4 20. Bg6 Be8 21. Bxe8 Rxe8 22. Rab1 Kc7 23. Bg5 Nd7 24. Rf7 Ne5 25. Rh7 Nxc4 26. Rxh5 Rh8 27. Rxh8 Rxh8 28. Kh2 Re8 29. Kg3 Ne5 30. Bf4 Rg8 31. Bxe5 dxe5 32. Rf1 Kd6 33. e4 Kd7 34. Rf5 b5 35. Rxe5 b4 36. Rf5 bxc3 37. Rf2 Kd6 38. Rc2 Ke5 39. Rxc3 Kd4 40. Rc1 c4 41. h5 c3 42. e5 Kd3 43. h6 Kd2 44. h7 Rh8 45. Rh1 c2 46. Kxg4 Rxh7 47. Rxh7 c1Q 48. Rxe7 Qc4+ 49. Kf5 Qxd5 50. Rg7 Ke3 51. Rg3+ Kd4 52. Rg4+ Kc5 53. Rg6 Qf7+ 54. Rf6 Qxa2 55. g4 Qc2+ 56. Ke6 Qc4+ 57. Kd7 Qd5+ 58. Ke7 Qxe5+ 59. Kf7 Qd5+ 60. Kg6 Qe4+ 61. Rf5+ Kd6 62. Kg5 Qe7+ 63. Kh6 Qh4+ 0-1

[Event "Remote email"]
[Site "Remote email"]
[Date "2013.11.11"]
[Round "?"]
[White "Kinte, Kunta"]
[Black "Berghausen, Manfred"]
[Result "1-0"]
[WhiteElo "2090"]
[BlackElo "2000"]
[PlyCount "107"]
[EventDate "2013.??.??"]
[EventType "tourn (corr)"]
[EventRounds "6"]
[EventCountry "GER"]
[SourceTitle "Corr 2015"]
[Source "ChessBase"]
[SourceDate "2015.07.17"]
[SourceVersion "1"]
[SourceVersionDate "2015.07.17"]
[SourceQuality "1"]

1. d4 Nf6 2. c4 e6 3. Nf3 b6 4. g3 Bb7 5. Bg2 Be7 6. Nc3 h6 7. 0-0 0-0 8. Re1 d5 9. cxd5 Nxd5 10. Bd2 Qd7 11. Ne5 Qe8 12. e4 Nb4 13. a3 N4c6 14. Nxc6 Nxc6 15. d5 Nd4 16. Bf4 Nb5 17. Nxb5 Qxb5 18. Bxc7 Rac8 19. d6 Bf6 20. e5 Bxg2 21. exf6 Bd5 22. fxg7 Kxg7 23. Qg4+ Kh7 24. Qd4 Qc4 25. Qf6 Qg4 26. f3 Bxf3 27. Rf1 Bc6 28. Rf2 Qg5 29. Qxg5 hxg5 30. Rc1 Bd7 31. b4 g4 32. Rf4 f5 33. h3 Rg8 34. Rcf1 e5 35. Rxf5 Bxf5 36. Rxf5 e4 37. hxg4 Rg7 38. Re5 e3 39. Rxe3 Rf8 40. Re7 Rgf7 41. Bd8 Kg7 42. Rxf7+ Kxf7 43. Be7 Rg8 44. g5 Ke6 45. Kf2 Rc8 46. Kf3 Rg8 47. Kg4 Kf7 48. Kf5 Rg6 49. Bf6 Rxf6+ 50. gxf6 Ke8 51. Ke6 a5 52. f7+ Kf8 53. Kf6 axb4 54. d7 1-0

[Event "Remote email"]
[Site "Remote email"]
[Date "2013.10.18"]
[Round "?"]
[White "Kinte, Kunta"]
[Black "Walter, Mario E"]
[Result "1-0"]
[WhiteElo "2090"]
[BlackElo "2040"]
[PlyCount "75"]
[EventDate "2013.??.??"]
[EventType "tourn (corr)"]
[EventRounds "6"]
[EventCountry "GER"]
[SourceTitle "Corr 2015"]
[Source "ChessBase"]
[SourceDate "2015.07.17"]
[SourceVersion "1"]
[SourceVersionDate "2015.07.17"]
[SourceQuality "1"]

1. d4 d5 2. c4 e6 3. Nc3 Nf6 4. cxd5 exd5 5. Bg5 c6 6. Qc2 Be7 7. e3 Nbd7 8. Bd3 0-0 9. Nf3 Re8 10. h3 Nf8 11. Bf5 Ng6 12. Bxc8 Rxc8 13. h4 h6 14. h5 Nf8 15. Bf4 Ne6 16. Bg3 c5 17. Be5 cxd4 18. Nxd4 Bb4 19. Nxe6 Rxe6 20. Bd4 Ne4 21. 0-0 Qh4 22. Qe2 Bd6 23. g3 Bxg3 24. fxg3 Nxg3 25. Qh2 Qxh2+ 26. Kxh2 Nxf1+ 27. Rxf1 a6 28. Nxd5 Rc2+ 29. Kg3 f6 30. Nf4 Re8 31. Nd3 Rd8 32. Rf5 Kf7 33. Nc5 Rb8 34. Rd5 Rc1 35. e4 b6 36. Nxa6 Ra8 37. Nb4 Rg1+ 38. Bxg1 1-0

[Event "Remote email"]
[Site "Remote email"]
[Date "2013.09.07"]
[Round "?"]
[White "Klein, Werner"]
[Black "Kinte, Kunta"]
[Result "0-1"]
[WhiteElo "1658"]
[BlackElo "2077"]
[PlyCount "68"]
[EventDate "2013.??.??"]
[EventType "tourn (corr)"]
[EventRounds "6"]
[EventCountry "GER"]
[SourceTitle "Corr 2015"]
[Source "ChessBase"]
[SourceDate "2015.07.17"]
[SourceVersion "1"]
[SourceVersionDate "2015.07.17"]
[SourceQuality "1"]

1. e4 e5 2. Nf3 Nc6 3. Be2 Nf6 4. d3 Bc5 5. 0-0 0-0 6. Bg5 d6 7. c3 Be6 8. d4 exd4 9. cxd4 h6 10. Bh4 g5 11. e5 dxe5 12. dxc5 gxh4 13. Nxh4 Ne4 14. Qxd8 Rfxd8 15. Rc1 Rd5 16. a3 Nxc5 17. Bd1 Rd7 18. Bh5 Nb3 19. Nc3 Nxa1 20. Rxa1 Rad8 21. b4 a6 22. g3 Bh3 23. Re1 Rd2 24. Ng2 f5 25. Re3 R8d3 26. Ne1 Rxe3 27. fxe3 Ne7 28. Bf3 e4 29. Bg2 Bxg2 30. Nxg2 Rc2 31. Na4 b6 32. Nf4 Ra2 33. Ne6 Nd5 34. h3 Rxa3 0-1

[Event "Remote email"]
[Site "Remote email"]
[Date "2013.03.26"]
[Round "?"]
[White "Kinte, Kunta"]
[Black "Lemisz, Werner"]
[Result "1-0"]
[WhiteElo "2022"]
[BlackElo "2000"]
[PlyCount "87"]
[EventDate "2013.??.??"]
[EventType "tourn (corr)"]
[EventRounds "6"]
[EventCountry "GER"]
[SourceTitle "Corr 2015"]
[Source "ChessBase"]
[SourceDate "2015.07.17"]
[SourceVersion "1"]
[SourceVersionDate "2015.07.17"]
[SourceQuality "1"]

1. d4 d5 2. c4 dxc4 3. e4 b5 4. Nf3 f6 5. Nc3 c6 6. Bf4 Qa5 7. a3 b4 8. axb4 Qxb4 9. Qc2 g5 10. Be3 Nd7 11. Ra4 Qb7 12. Bxc4 Nb6 13. Rb4 e6 14. Rb3 Qc7 15. Bd3 a5 16. Na2 Bd7 17. 0-0 Bg7 18. Rc3 Ne7 19. Nd2 a4 20. Nb4 Ra5 21. Rc5 Rxc5 22. dxc5 Nbc8 23. Qxa4 0-0 24. Bc4 Qa7 25. Qb3 Kh8 26. Bxe6 Qc7 27. Na6 Qd8 28. Nb8 Be8 29. Qb7 Bf7 30. Nxc6 Qe8 31. Bd7 Nd6 32. cxd6 Qa8 33. Qxa8 Rxa8 34. dxe7 Be8 35. Bxe8 Rxe8 36. Nc4 Ra8 37. Rd1 Bf8 38. exf8Q+ Rxf8 39. Rd8 Kg7 40. Rxf8 Kxf8 41. b4 Ke8 42. b5 Kd7 43. N4a5 Kc7 44. b6+ 1-0

[Event "Remote email"]
[Site "Remote email"]
[Date "2013.03.01"]
[Round "?"]
[White "Green, Michael"]
[Black "Kinte, Kunta"]
[Result "1-0"]
[WhiteElo "2167"]
[BlackElo "2022"]
[PlyCount "59"]
[EventDate "2013.??.??"]
[EventType "tourn (corr)"]
[EventRounds "6"]
[EventCountry "GER"]
[SourceTitle "Corr 2015"]
[Source "ChessBase"]
[SourceDate "2015.07.17"]
[SourceVersion "1"]
[SourceVersionDate "2015.07.17"]
[SourceQuality "1"]

1. d4 Nf6 2. c4 e6 3. Qd3 d5 4. Nf3 c5 5. e3 cxd4 6. exd4 Bb4+ 7. Nc3 Nc6 8. Be2 0-0 9. 0-0 b6 10. cxd5 exd5 11. Bg5 Be7 12. Ne5 Nb4 13. Qd1 Bb7 14. a3 Nc6 15. Ba6 Na5 16. Bxb7 Nxb7 17. Nc6 Qd6 18. Nxe7+ Qxe7 19. Nxd5 Qd6 20. Nxf6+ gxf6 21. Bh6 f5 22. Bxf8 Rxf8 23. Re1 Rd8 24. Qf3 Na5 25. Rac1 Qd7 26. Qg3+ Kh8 27. Qe5+ Kg8 28. Rc3 Qxd4 29. Rg3+ Kf8 30. Qe7# 1-0

[Event "Remote email"]
[Site "Remote email"]
[Date "2013.02.22"]
[Round "?"]
[White "Kinte, Kunta"]
[Black "Biskopp, Wolf Ulrich"]
[Result "0-1"]
[WhiteElo "1972"]
[BlackElo "2256"]
[PlyCount "54"]
[EventDate "2013.??.??"]
[EventType "tourn (corr)"]
[EventRounds "6"]
[EventCountry "GER"]
[SourceTitle "Corr 2015"]
[Source "ChessBase"]
[SourceDate "2015.07.17"]
[SourceVersion "1"]
[SourceVersionDate "2015.07.17"]
[SourceQuality "1"]

1. d4 Nf6 2. c4 c5 3. d5 b5 4. cxb5 a6 5. e3 Bb7 6. Nc3 e6 7. dxe6 fxe6 8. bxa6 Nxa6 9. Nf3 Be7 10. Bd3 0-0 11. 0-0 d5 12. Ng5 Qb6 13. Qc2 h6 14. Nf3 Nb4 15. Qb1 Nxd3 16. Qxd3 Ba6 17. Qg6 Bxf1 18. e4 Bd3 19. Bxh6 Rf7 20. Ne5 Raf8 21. Nxd3 c4 22. Ne5 Qxf2+ 23. Kh1 Nxe4 24. Nxf7 Rxf7 25. h3 Bd6 26. Rg1 Ng3+ 27. Kh2 Ne2+ 0-1

[Event "Remote email"]
[Site "Remote email"]
[Date "2012.10.30"]
[Round "?"]
[White "Varizerl, Varizerl"]
[Black "Kinte, Kunta"]
[Result "0-1"]
[WhiteElo "2108"]
[BlackElo "1972"]
[PlyCount "52"]
[EventDate "2012.??.??"]
[EventType "tourn (corr)"]
[EventRounds "6"]
[EventCountry "GER"]
[SourceTitle "Corr 2015"]
[Source "ChessBase"]
[SourceDate "2015.07.17"]
[SourceVersion "1"]
[SourceVersionDate "2015.07.17"]
[SourceQuality "1"]

1. c4 e5 2. Nc3 Nf6 3. Nf3 e4 4. Ng5 b5 5. d3 exd3 6. cxb5 h6 7. Nf3 dxe2 8. Bxe2 Bc5 9. 0-0 0-0 10. Bf4 Bb7 11. Nd4 a6 12. Nf5 d5 13. Qd3 d4 14. Qg3 g6 15. Nxh6+ Kg7 16. Bxc7 Qd7 17. Be5 dxc3 18. Qg5 Be7 19. Bg4 Qd2 20. Nf5+ Kh7 21. Qh4+ Nh5 22. Qxe7 Nd7 23. Rad1 Qxb2 24. Qg5 f6 25. Qh6+ Kg8 26. Ne7+ Kf7 0-1

[Event "Remote email"]
[Site "Remote email"]
[Date "2012.10.29"]
[Round "?"]
[White "Kinte, Kunta"]
[Black "Zielasko, Andreas"]
[Result "0-1"]
[WhiteElo "1972"]
[BlackElo "2316"]
[PlyCount "76"]
[EventDate "2012.??.??"]
[EventType "tourn (corr)"]
[EventRounds "6"]
[EventCountry "GER"]
[SourceTitle "Corr 2015"]
[Source "ChessBase"]
[SourceDate "2015.07.17"]
[SourceVersion "1"]
[SourceVersionDate "2015.07.17"]
[SourceQuality "1"]

1. e4 e5 2. Nf3 Nc6 3. Bb5 a6 4. Ba4 b5 5. Bb3 Nf6 6. 0-0 Bb7 7. d3 Be7 8. Nc3 d6 9. a4 Na5 10. Ba2 b4 11. Ne2 Rb8 12. Ng3 0-0 13. Bd2 c5 14. Nf5 Bc8 15. N3h4 Ne8 16. Nxe7+ Qxe7 17. Nf5 Bxf5 18. exf5 Qd7 19. g4 h6 20. f4 exf4 21. Rxf4 Nf6 22. h4 h5 23. gxh5 Nc6 24. Be3 Rfe8 25. Bf2 Kh7 26. d4 Nxd4 27. Bxd4 cxd4 28. Rxd4 Qa7 29. Kg2 Re3 30. Rxd6 Qc7 31. Qd2 Rbe8 32. Kf1 R8e4 33. Rd1 Qc5 34. Bd5 Rf4+ 35. Kg2 Rg4+ 36. Kf1 Nxd5 37. Qf2 Qc4+ 38. Rd3 Rf4 0-1